000 00311nam a2200121Ia 4500
008 241015s9999 xx 000 0 und d
041 _aeng
082 _a658.300 BE
100 _aBell/ Leopold
245 _aDiversity In Organizations
260 _bCengage Learning India
_aDehli
_c2022
300 _a511;. P. 27 cm
999 _c41789
_d41789